01041cam a22002775a 4500001001000000003000400010005001700014008004100031020002500072040003600097082002000133100002700153245010600180260004600286300003400332500002400366504003100390650005300421651001000474653003700484650005900521700001700580942000800597999001700605952014100622016603795OSt20201128021515.0140107s2014 nyua frb 001 0 eng d a9781606497746 (pbk.) aStDuBDSbengcStDuBDSdEG-ScBUE04a658.16222bSOO1 aSoofi, Abdol S.93868110aGlobal mergers and acquisitions :bcombining companies across borders /cAbdol Soofi and Yuqin Zhang. aNew York :bBusiness Expert Press,c2014. axiv, 228 p. :bill. ;c24 cm. aIndex : p. 221-228. aBibliography : p. 211-220. 7aInternational business enterprises.2BUEsh91592 2BUEsh bBUSADMcAugust2015cNovember2015 7936487aConsolidation and merger of corporations2BUEsh1 aZhang, Yuqin 2ddc c20583d20555 00102ddc40708BaccahaMAINbMAINc1STd2015-08-18ePurchaseg352.00h21758l0o658.16 SOOp000039791r2025-07-15 00:00:00v440.00yBB